|
|
|
|
| LEADER |
00000nam a22000007a 4500 |
| 005 |
20140523001522.0 |
| 007 |
cr|||| |||| |
| 008 |
140523s2014 br |||||s|||| 00||0 por d |
| 020 |
|
|
|a 978-85-361-2841-2
|
| 035 |
|
|
|a 12152
|
| 040 |
|
|
|a vLex
|
| 090 |
|
|
|c 4943
|d 4943
|
| 100 |
1 |
|
|a Souto Maior, Jorge Luiz
|
| 245 |
1 |
0 |
|a Dumping Social nas Relaė̳s de Trabalho.
|h [Recurso electrn̤ico] :
|b 2® ediȯ̂ /
|c Jorge Luiz Souto Maior, Ranl︢io Mendes Moreira, Valdete Souto Severo
|
| 256 |
|
|
|a Servicio en ln̕ea
|
| 260 |
|
|
|a San Pablo:
|b LTR Editora,
|c 2014
|
| 300 |
|
|
|a 1 recurso electrn̤ico
|
| 500 |
|
|
|a A obra se dedica ao estudo de um tema polm̊ico, que tem despertado o interesse nô apenas dos intřpretes e aplicadores do Direito do Trabalho, mas especialmente daqueles que, preocupados com a razô de ser do Direito e do Processo, se debruȧm sobre o tema da efetividade. A funȯ̂ do Estado-juiz vem sendo questionada e uma das respostas possv̕eis ̌debatida neste ensaio. Um Estado comprometido com o resultado de suas decise̳s e com a efetividade de sua Constituiȯ̂, nô pode permanecer inerte diante do abuso reiterado a direitos fundamentais. Nesse contexto, inscreve-se o tema do dumping social nas relaė̳s de trabalho. O reconhecimento da existn̊cia e da necessidade de coibir o dano coletivo nô constitui novidade. A novidade reside no papel que se atribui ao juiz do trabalho, em demandas individuais nas quais sequer h ̀pedido de pagamento de indenizaȯ̂ por dumping social. O tema vem sendo debatido de forma corajosa pela jurisprudn̊cia trabalhista, que multiplica decise̳s reconhecendo como lc̕ita a atuaȯ̂ do juiz diante da prt̀ica de concorrn̊cia predatr̤ia, prejudicial nô apenas ao trabalhador, mas tambm̌ s̉ empresas que respeitam os direitos dos trabalhadores. A possibilidade de deferir indenizaȯ̂ por dano decorrente de dumping social, de forma incidental e de ofc̕io, nos autos de uma demanda individual, ̌a polm̊ica que este livro convida o leitor a enfrentar.
|
| 506 |
1 |
|
|a Disponible solo en los productos indicados
|d vLex Global
|d vLex Global (Academic Edition, excluding Law Schools)
|d vLex Global (U.S. Academic Edition, Law Schools)
|d vLex Global (U.S. Academic Edition, excluding Law Schools)
|d vLex Global (Academic Edition, Law Schools)
|
| 650 |
0 |
4 |
|a Derecho Laboral y Seguridad Social
|z Brasil
|
| 700 |
1 |
|
|a Mendes Moreira, Ranl︢io
|
| 700 |
1 |
|
|a Souto Severo, Valdete
|
| 740 |
0 |
|
|a vLex Libros (Servicio en ln̕ea)
|
| 856 |
4 |
0 |
|u http://vlex.com/source/dumping-social-nas-rela-es-de-trabalho-2-edi-o-12152
|z Acceso restringido
|
| 942 |
|
|
|c BOOK
|
| 999 |
0 |
|
|a Labor Law and Social Security
|